|
|
|
|
| LEADER |
01095nam a22003372a 4500 |
| 001 |
000309043 |
| 003 |
CZ BrMZK |
| 005 |
20230912123230.0 |
| 007 |
ta |
| 008 |
980107s1991 xr b f cze d |
| 015 |
|
|
|a cnb000174208
|
| 020 |
|
|
|a 80-900099-7-2
|
| 035 |
|
|
|a (OCoLC)84924750
|
| 040 |
|
|
|a BOA001
|b cze
|
| 080 |
9 |
|
|a 796.51(234.321.17)
|
| 080 |
9 |
|
|a 908.450(234.321.17)(036)
|
| 100 |
1 |
|
|a Hejl, Ivo,
|d 1931-
|7 jk01040561
|4 aut
|
| 245 |
1 |
0 |
|a Ortler :
|b (Itálie) : průvodce po Alpách /
|c Ivo Hejl
|
| 250 |
|
|
|a 1. vyd.
|
| 260 |
|
|
|a Lysá nad Labem :
|b Alpy,
|c 1991
|
| 300 |
|
|
|a 106 s. +
|e [1] volná mp. příl.
|
| 490 |
1 |
|
|a Alpy ;
|v sv. č. 8
|
| 504 |
|
|
|a Obsahuje bibliografie
|
| 830 |
|
0 |
|a Alpy (Alpy)
|0 s
|
| 910 |
|
|
|a BOA001
|b PK-0115.489
|b 2-0970.546
|
| 920 |
|
|
|a 000008052
|
| 964 |
|
|
|a Alpy Ortlerské - průvodci
|
| 964 |
|
|
|a Ortler - průvodci
|
| 990 |
|
|
|a BK
|
| 996 |
7 |
|
|b 2619970386
|c 2-0970.546
|l MZK
|r Sklad / do 1 hodiny
|n 3
|w 000309043
|u 000020
|a 1
|e BOA001
|j MZK50
|s A
|
| 996 |
7 |
|
|b 3119924249
|c PK-0115.489
|l MZK
|r Sklad / do 1 hodiny
|n 7
|w 000309043
|u 000010
|a 1
|e BOA001
|j MZK50
|s A
|